000 02056cam a2200529 4500
008 090401t1998 xxu||||| |||| 00| 0 eng d
020 _a1900915057
035 _a(Sirsi) u91066
041 _aeng
050 _a690.241
_c18
245 4 _aThe conservation and repair of ecclesiastical buildings
250 _a5th ed.
260 _aTisbury
_bCathedral Communications Limited
_c1998
300 _a56p.
_bill.
_c30cm.
350 _a5.95
490 _aBuilding Conservation Directory Special Report
_v1
505 _aNews in brief : legislation and grants; Heritage Lottery Fund; Landfill Tax Credit Scheme
505 _aVisitors welcome! Tourism and places of worship
505 _aSanctuary ceiling restoration at Holy Rood Church, Watford
505 _aStained glass, Pugin and the gothic revival
505 _aPoppyhead : the recreation of terracotta poppyheaded pew ends at the church of St Stephen and All Martyrs
505 _aInspired by shingles: the traditional use of oak shingles on spires
505 _aProgramming repairs
505 _aIs lime a problem for sandstone?
505 _aBevis Marks Synagogue
505 _aStaunton Harold Church
505 _aThe Betjeman Memorial Award
505 _aThe repair of a stone spiral staircase St Mary`s Church, Nantwich
505 _aVillage organs : a neglected heritage
520 _aAn annual looking at issues surrounding the conservation and repair of churches which includes a directory of useful orgnaisations, products and services.
650 _aCHURCHES
650 _aRESTORATION
690 _aBUILT ENVIRONMENT-BUILDING MAINTENANCE AND REFURBISHMENT-BUILDING CONSERVATION
700 _aTaylor, Jonathan
_xEditor
700 _aWhitworth, Alan
700 _aHowell, Kevin
700 _aDavies, Sian
700 _aHall, Diana
700 _aWalton, Tim
700 _aAshley, Martin
700 _aAshurst, John
700 _aWoodcock, Sarah
700 _aMears, Roger
700 _aBicknell, Stephen
942 _n0
948 _c02/02/1999
999 _c97604
_d97604